Valuation Office Agency (Record no. 120831)

MARC details
000 -LEADER
fixed length control field 00905cai a22001815a 4500
001 - CONTROL NUMBER
control field E148618
008 - FIXED-LENGTH DATA ELEMENTS--GENERAL INFORMATION
fixed length control field 091013u xxk g 000 0 eng d
035 ## - SYSTEM CONTROL NUMBER
System control number (Sirsi) u148618
041 0# - LANGUAGE CODE
Language code of text/sound track or separate title eng
110 2# - MAIN ENTRY--CORPORATE NAME
Corporate name or jurisdiction name as entry element Valuation Office Agency
9 (RLIN) 3141
245 00 - TITLE STATEMENT
Title Valuation Office Agency
Remainder of title business rates, list of rateable values
Medium [electronic resource]
520 ## - SUMMARY, ETC.
Summary, etc. Sets out the VOA's business rate valuations for 2010, and allows owners to compare their valuation with others', amend their property details and appeal the valuation. Also provides information on what business rates are, how they are calculated, and how bills are calculated.
590 ## - LOCAL NOTE (RLIN)
Local note KA NTK
651 #4 - SUBJECT ADDED ENTRY--GEOGRAPHIC NAME
Geographic name United Kingdom
Chronological subdivision 1973-
690 ## - LOCAL SUBJECT ADDED ENTRY--TOPICAL TERM (OCLC, RLIN)
Topical term or geographic name as entry element PROPERTY-COMMERCIAL PROPERTY-COMMERCIAL PROPERTY TAXATION-BUSINESS RATES
856 40 - ELECTRONIC LOCATION AND ACCESS
Uniform Resource Identifier <a href="https://www.2010.voa.gov.uk/rli/en/basic">https://www.2010.voa.gov.uk/rli/en/basic</a>
Public note View the website free of charge at www.2010.voa.gov.uk...
942 ## - ADDED ENTRY ELEMENTS (KOHA)
Suppress in OPAC 0
Holdings
Withdrawn status Lost status Source of classification or shelving scheme Damaged status Not for loan Home library Current library Shelving location Date acquired Total Checkouts Full call number Barcode Date last seen Copy number Price effective from Koha item type
    Dewey Decimal Classification     Virtual Virtual Online 13/10/2009   WEBSITE 148618-2001 06/08/2019 1 06/08/2019 Online material